Cities you should know in Oceania - Statistics

General Stats
  • This quiz has been taken 25 times
  • The average score is 20 of 28
Answer Stats
Hint Answer % Correct
Australia - ☆ Canberra
100%
Australia - S Sydney
100%
New Zealand - A Auckland
96%
Australia - P Perth
96%
New Zealand - ☆ Wellington
96%
Australia - B Brisbane
91%
Australia - M Melbourne
91%
Australia - A Adelaide
87%
New Zealand - C Christchurch
87%
Australia - H (Tasmania) Hobart
83%
Papua New Guinea - ☆ Port Moresby
83%
Solomon Islands - ☆ Honiara
78%
Fiji - ☆ Suva
78%
Samoa - ☆ Apia
70%
Tuvalu - ☆ Funafuti
70%
Vanuatu - ☆ Port Vila
70%
Tonga - ☆ Nuku'alofa
65%
Kiribati - ☆ South Tarawa
65%
Marshall Islands - ☆ Majuro
61%
Palau - ☆ Ngerulmud
61%
F. S. of Micronesia - ☆ Palikir
61%
Naoero - ☆ de facto Yaren District
61%
New Caledonia - ☆ Noumea
48%
French Polynesia - ☆ Papeete
48%
American Samoa - ☆ Pago Pago
39%
Northern Marianna Is - ☆ Saipan(Capitol Hill)
30%
Papua New Guinea - L Lae
26%
Guam - ☆ Hagåtña
22%
No matching quizzes found
Score Distribution
Percent of People with Each Score
Percentile by Number Answered
Your Score History
You have not taken this quiz